Γρηγορίου του Θεολόγου : άπαντα τα έργα
Αποθηκεύτηκε σε:
| Κύριος συγγραφέας: | |
|---|---|
| Άλλοι συγγραφείς: | , |
| Μορφή: | Βιβλίο |
| Γλώσσα: | Greek Ancient Greek |
| Δημοσίευση: |
Θεσσαλονίκη :
Πατερικαί Εκδόσεις "Γρηγόριος ο Παλαμάς",
1975-1986
|
| Σειρά: | Έλληνες Πατέρες της Εκκλησίας ;
; 08, 18, 23-25, 27, 48, 74-75, 82, 84 |
| Θέματα: | |
| Ετικέτες: |
Προσθήκη ετικέτας
Δεν υπάρχουν, Καταχωρήστε ετικέτα πρώτοι!
|
MARC
| LEADER | 00000cam a2200000 i 4500 | ||
|---|---|---|---|
| 001 | 1/40273 | ||
| 008 | 070124m19751986 gre d | ||
| 035 | |l 10086793 | ||
| 040 | |a GR-MY-UA |b gre |e aacr | ||
| 041 | 0 | |a gre |a grc | |
| 082 | 0 | |a 270.092 |2 (22) | |
| 100 | 0 | |a Γρηγόριος ο Θεολόγος, |d π. 328-391. | |
| 245 | 1 | 0 | |a Γρηγορίου του Θεολόγου : |b άπαντα τα έργα / |c [Γρηγόριος ο Θεολόγος] ; επόπται Παν. Κ. Χρήστου ; επιμεληταί Θεοδ. Ν. Ζήσης |
| 260 | |a Θεσσαλονίκη : |b Πατερικαί Εκδόσεις "Γρηγόριος ο Παλαμάς", |c 1975-1986 | ||
| 300 | |a 11 τ.; |c 22 εκ. | ||
| 490 | 1 | |a Έλληνες Πατέρες της Εκκλησίας |v ; 08, 18, 23-25, 27, 48, 74-75, 82, 84 | |
| 505 | 0 | |a Τ.1. Λόγοι. - τ.2. Λόγοι. - τ.3. Λόγοι απολογητικοί. - τ.4. Λόγοι δογματικοί. - τ.5. Λόγοι εορταστικοί - ηθικολογικοί. - τ.6. Λόγοι εγκωμιαστικοί. - τ.7. Επιστολές (Α'-ΣΜΔ'). - τ.8. Ο Χριστός πάσχων, έπη δογματικά. - τ.9. Έπη ηθικά. - τ.10. Έπη ιστορικά. - τ.11. Έπη ιστορικά | |
| 600 | 0 | 0 | |a Γρηγόριος ο Θεολόγος, |d π. 328-391. |
| 650 | 0 | 0 | |a Christian biography. |
| 650 | 0 | 0 | |a Fathers of the church, Greek. |
| 650 | 0 | 0 | |a Apostolic Fathers. |
| 650 | 0 | 0 | |a Theologians |z Greece. |
| 700 | 1 | |a Χρήστου, Παναγιώτης Κ. |4 edt | |
| 700 | 1 | |a Μερετάκης, Ελευθέριος. |4 edt | |
| 830 | 0 | |a Έλληνες Πατέρες της Εκκλησίας ; |v ; 08, 18, 23-25, 27, 48, 74-75, 82, 84 | |
| 852 | |a INST |b RHODES |c KRI |e 20070124 |h 270.092 ΓΡΗ |p 005400027065 |q 005400027065 |t BK |v τ.4: |y 0 |z τ.4 | ||
| 852 | |a INST |b RHODES |c KRI |e 20070124 |h 270.092 ΓΡΗ |p 005400027066 |q 005400027066 |t BK |v τ.5: |y 0 |z τ.5 | ||
| 852 | |a INST |b RHODES |c KRI |e 20070124 |h 270.092 ΓΡΗ |p 005400027067 |q 005400027067 |t BK |v τ.6: |y 0 |z τ.6 | ||
| 852 | |a INST |b RHODES |c KRI |e 20070124 |h 270.092 ΓΡΗ |p 005400027068 |q 005400027068 |t BK |v τ.10: |y 0 |z τ.10 | ||
| 852 | |a INST |b RHODES |c KRI |e 20070124 |h 270.092 ΓΡΗ |p 005400027069 |q 005400027069 |t BK |v τ.1: |y 0 |z τ.1 | ||
| 852 | |a INST |b RHODES |c KRI |e 20070124 |h 270.092 ΓΡΗ |p 005400027070 |q 005400027070 |t BK |v τ.2: |y 0 |z τ.2 | ||
| 852 | |a INST |b RHODES |c KRI |e 20070124 |h 270.092 ΓΡΗ |p 005400027071 |q 005400027071 |t BK |v τ.3: |y 0 |z τ.3 | ||
| 852 | |a INST |b RHODES |c KRI |e 20070124 |h 270.092 ΓΡΗ |p 005400027072 |q 005400027072 |t BK |v τ.9: |y 0 |z τ.9 | ||
| 852 | |a INST |b RHODES |c KRI |e 20070124 |h 270.092 ΓΡΗ |p 005400027073 |q 005400027073 |t BK |v τ.11: |y 0 |z τ.11 | ||
| 852 | |a INST |b RHODES |c KRI |e 20070124 |h 270.092 ΓΡΗ |p 005400027074 |q 005400027074 |t BK |v τ.7: |y 0 |z τ.7 | ||
| 852 | |a INST |b RHODES |c KRI |e 20070124 |h 270.092 ΓΡΗ |p 005400027075 |q 005400027075 |t BK |v τ.8: |y 0 |z τ.8 | ||
| 853 | |a INST |b RHODES |c KRI |h 270.092 ΓΡΗ | ||
| 901 | |a BIBL4-2007-1 | ||
| 909 | |a Ρ |b 127651 | ||
| 909 | |a Ρ |b 127652 | ||
| 909 | |a Ρ |b 127653 | ||
| 909 | |a Ρ |b 127654 | ||
| 909 | |a Ρ |b 127655 | ||
| 909 | |a Ρ |b 127656 | ||
| 909 | |a Ρ |b 127657 | ||
| 909 | |a Ρ |b 127658 | ||
| 909 | |a Ρ |b 127659 | ||
| 909 | |a Ρ |b 127660 | ||
| 909 | |a Ρ |b 127661 | ||
| 970 | |a Κόζα |b Μαρία |z 2007/01/24 | ||